| 000 | 00471nam a22001817a 4500 | ||
|---|---|---|---|
| 003 | CEME | ||
| 005 | 20210628205840.0 | ||
| 008 | 210317b xxu||||| |||| 00| 0 eng d | ||
| 020 | _a0-07-025121-5 | ||
| 040 | _c. | ||
| 082 | _a621.381 SCH | ||
| 100 |
_aSchultz, Mitchel.E _921044 |
||
| 245 | _aProblems in basic electronics | ||
| 260 |
_aNEWYORK _bMCGRAW HILL _c1989 |
||
| 300 | _aV,330P | ||
| 650 |
_aELECTRONIC ENGINEERING-BASIC PROBLEMS _977255 |
||
| 942 |
_cBK _2ddc |
||
| 999 |
_c582554 _d582554 |
||